Fly Guy meets Fly Girl! / (Record no. 2360)

MARC details
000 -LEADER
fixed length control field 00728cam a2200253 a 4500
005 - DATE AND TIME OF LATEST TRANSACTION
control field 20231122135602.0
020 ## - INTERNATIONAL STANDARD BOOK NUMBER
International Standard Book Number 9780545110297
040 ## - CATALOGING SOURCE
Original cataloging agency DLC
Transcribing agency DLC
Modifying agency DLC
Language of cataloging eng
050 00 - LIBRARY OF CONGRESS CALL NUMBER
Classification number PZ7.A7379
Item number Fl 2010
082 00 - DEWEY DECIMAL CLASSIFICATION NUMBER
Classification number 813.6
Edition number 22
100 1# - MAIN ENTRY--PERSONAL NAME
Personal name Arnold, Tedd
245 10 - TITLE STATEMENT
Title Fly Guy meets Fly Girl! /
Statement of responsibility, etc. Tedd Arnold
250 ## - EDITION STATEMENT
Edition statement First printing , January 2010
260 ## - PUBLICATION, DISTRIBUTION, ETC.
Place of publication, distribution, etc. New York :
Name of publisher, distributor, etc. Cartwheel Books,
Date of publication, distribution, etc. 2010
300 ## - PHYSICAL DESCRIPTION
Extent 30 pages :
Other physical details Illustratiins
Dimensions 23 cm
505 ## - FORMATTED CONTENTS NOTE
Formatted contents note F
520 ## - SUMMARY, ETC.
Summary, etc. When Fly Guy meets Fly Girl, he is amazed and smitten.
521 ## - TARGET AUDIENCE NOTE
Target audience note 310 <br/>
Source Lexile <br/>
521 ## - TARGET AUDIENCE NOTE
Target audience note F <br/>
Source Raz-Plus<br/>
650 #1 - SUBJECT ADDED ENTRY--TOPICAL TERM
Topical term or geographic name entry element Flies
Form subdivision Fiction.
906 ## - LOCAL DATA ELEMENT F, LDF (RLIN)
a 7
b cbc
c orignew
d 1
e ecip
f 20
g y-gencatlg
942 ## - ADDED ENTRY ELEMENTS (KOHA)
Source of classification or shelving scheme Dewey Decimal Classification
Koha item type Books
Suppress in OPAC No
999 ## -
-- 2360
-- 2360
Holdings
Withdrawn status Lost status Source of classification or shelving scheme Damaged status Not for loan Collection Home library Current library Shelving location Date acquired Total Checkouts Full call number Barcode Date last seen Date last checked out Copy number Price effective from Koha item type
    Dewey Decimal Classification     Juvenile Fiction Footprints International School Library Network Toul Kork Campus Footprints International School Library Network Toul Kork Campus TK Primary Library Room(4th Floor), Bookcase 7, Shelves 57-60, Dark Green Books 11/20/2023 4 ARN 813.6 PZ7.A7379 FISTKG2A066 05/28/2025 05/21/2025 1 11/20/2023 Books
    Dewey Decimal Classification     Juvenile Fiction Footprints International School Library Network Toul Kork Campus Footprints International School Library Network Toul Kork Campus TK Primary Library Room(4th Floor), Bookcase 7, Shelves 57-60, Dark Green Books 11/22/2023 3 ARN 813.6 PZ7.A7379 FISBK00388 09/29/2025 06/30/2025 2 11/20/2023 Books